| 000 | 00488cam a2200193ua 4500 | ||
|---|---|---|---|
| 001 | 5969 | ||
| 005 | 20260515113948.0 | ||
| 008 | 131029n ii |||gr||||Z||||||eng | ||
| 040 | _cMAIN | ||
| 082 | _a940 | ||
| 100 |
_aHazen,Charles Downer, _eAuthor. |
||
| 245 |
_aModern Europe Upto 1945 _cby Charles Downer Hazen |
||
| 250 | _b4th ed. | ||
| 260 |
_aDelhi: _bS.Chand & Co., _c1971. |
||
| 300 | _a312p. | ||
| 653 | _aHistory of Europe | ||
| 653 | _aModern Europe Upto 1945 | ||
| 942 | _cBK | ||
| 999 |
_c5118 _d5118 |
||